000 00635cam a22002413a 4500
001 25190
003 PGUSA
005 20140828083536.0
008 080427s2008||||xxu|||||s|||||000 e eng d
040 _aPGUSA
_beng
042 _adc
050 4 _aPR
100 1 _aRoberts, Morley,
_d1857-1942
245 1 2 _aA Tramp's Notebook
_h[electronic resource] /
_cMorley Roberts
260 _bProject Gutenberg,
_c2008
506 _aPublic domain in the USA.
516 _aElectronic text
653 _aTravel
653 _aEssays
830 0 _aProject Gutenberg
_v25190
856 4 0 _uhttp://www.gutenberg.org/ebooks/25190
942 _cEB
999 _c254445
_d254445